New England Patriots Quiz - Statistics

General Stats
  • This quiz has been taken 854 times
    853 since last reset
  • The average score is 4 of 8
Answer Stats
Hint Answer % Correct
How many Super bowls Have the patriots won? 3
83%
What team was Randy Moss Traded to? Minnesota Vikings
70%
Who is the back up QB? Brian Hoyer
54%
What was their record in 2004? 14-2
50%
What Position is Sterling Moore? Corner Back
40%
Who did they play in the 2003 AFC Championship Indianapolis Colts
35%
In What years did they win the superbowl? 2001 2003 2004
34%
Who is there current coach Bill Belichik
4%
No matching quizzes found
Score Distribution
Percent of People with Each Score
Percentile by Number Answered
Your Score History
You have not taken this quiz since the last reset